| 000 | 01356nac a22002651u 4500 | ||
|---|---|---|---|
| 008 | 100218t xxu||||| |||| 00| 0 eng d | ||
| 010 | _a 2006286366 | ||
| 020 | _a978142302034 (International ed.) | ||
| 020 | _a1423902033 (International ed.) | ||
| 082 | 0 | 0 |
_a005.74 _bROB |
| 100 |
_aRob, Peter. _911516 |
||
| 245 | 1 | 0 |
_aDatabase systems : _bdesign, implementation, and management / _cPeter Rob, Carlos Coronel. |
| 250 |
_a8th ed. _bInternational ed. |
||
| 260 |
_aBoston, Mass. : _bThomson/Course Technology, _cc2009. |
||
| 300 |
_axxvii, 701 p. : _bill. ; _c29 cm. |
||
| 500 | _aIncludes index. | ||
| 500 | _adistributer: Al-Ahram | ||
| 511 | _acatalogued by: wessam | ||
| 650 | 0 |
_aDatabase design. _911517 |
|
| 650 | 0 |
_aDatabase management. _911518 |
|
| 700 | 1 |
_aCoronel, Carlos. _911519 |
|
| 856 | 4 | 1 |
_3Table of contents only _uhttp://www.loc.gov/catdir/toc/fy0704/2006286366.html |
| 942 |
_cBB _k005.74ROB _2ddc |
||
| 999 |
_c13424 _d13424 |
||